Matematická názornosť vo výučbe mikroekonómie

Grafické znázornenie problému ekonomického vplyvu vládnych rozhodnutí na trhovú rovnováhu.

Salvato in:
Dettagli Bibliografici
Autore principale: Ivanová, Eva
Altri autori: Holková, Vieroslava
Natura: Capitolo di libro
Lingua:slovacco
Soggetti:
Tags: Aggiungi Tag
Nessun Tag, puoi essere il primo ad aggiungerne!!

MARC

LEADER 00000naa a2200000 4500
001 0144537
005 20240502083334.1
041 0 |a slo 
044 |a CZ 
245 1 0 |a Matematická názornosť vo výučbe mikroekonómie  |c Eva Ivanová, Vieroslava Holková 
520 |a Grafické znázornenie problému ekonomického vplyvu vládnych rozhodnutí na trhovú rovnováhu. 
610 2 0 |a rovnováha trhová 
610 2 0 |a matematika 
610 2 0 |a mikroekonomika 
100 1 |a Ivanová, Eva 
700 1 |a Holková, Vieroslava